00357nmm a2200133Ia 4500008004100000041000800041100001800049245002000067264004400087300001800131490001100149650001200160856005100172251105s9999||||xx |||||||||||||||||und|| aspa aGraham, Lynne 0aAmante y esposa a[Madrid, España] :bHarlequin, c2012 a160 páginas aBianca aRomance uhttps://public.digitaliapublishing.com/a/50057